Technika odstraňovania izolačných obalov

Bibliographic Details
Main Author: Horváth, F. (Author)
Format: Article
Language:Slovak

MARC

LEADER 00000nab a2200000 a 4500
001 vtls010703768
003 SK-MaSNL
005 20260304195029.0
008 250709s1963 xo |||||||||||||||||slo|
035 |a (urnnbn)urn:nbn:sk:snk:ar-a03wjs 
035 |a (uuid)a2907f3e-546b-4973-a6f8-1973e94b9887 
035 |a urn:nbn:sk:snk-ab38p9 
040 |a SNKBUCL  |b slo  |c SNKBUCL  |e AACR2 
041 0 |a slo 
044 |a xo  |c SK 
100 1 |a Horváth, F.  |4 aut  |9 303501 
245 1 0 |a Technika odstraňovania izolačných obalov  |c F. Horváth 
773 0 |t Bulletin VÚKI  |g Roč. 16, č. 6 (1963), s. 297-298 
850 |a Slovenská národná knižnica 
852 |a Slovenská národná knižnica 
958 |a article1 
958 |a OND 
999 |c 3078639  |d 3080569